The Food Chemistry Laboratory : (Record no. 4102)
[ view plain ]
| 000 -LEADER | |
|---|---|
| fixed length control field | 00933nac a22002171u 4500 |
| 008 - FIXED-LENGTH DATA ELEMENTS--GENERAL INFORMATION | |
| fixed length control field | 101101t xxu||||| |||| 00| 0 eng d |
| 010 ## - LIBRARY OF CONGRESS CONTROL NUMBER | |
| LC control number | 95052296 |
| 020 ## - INTERNATIONAL STANDARD BOOK NUMBER | |
| International Standard Book Number | 0849380065 (alk. paper) |
| 020 ## - INTERNATIONAL STANDARD BOOK NUMBER | |
| International Standard Book Number | 9780849380067 |
| 082 00 - DEWEY DECIMAL CLASSIFICATION NUMBER | |
| Classification number | 664 |
| Item number | WEA |
| 100 ## - MAIN ENTRY--PERSONAL NAME | |
| Personal name | Weaver, Connie, |
| 9 (RLIN) | 20851 |
| 245 14 - TITLE STATEMENT | |
| Title | The Food Chemistry Laboratory : |
| Remainder of title | A Manual for Experimental Foods, Dietetics, and Food Scientists / |
| Statement of responsibility, etc | Connie Weaver |
| 260 ## - PUBLICATION, DISTRIBUTION, ETC. (IMPRINT) | |
| Place of publication, distribution, etc | Boca Raton : |
| Name of publisher, distributor, etc | CRC Press, 1996 |
| Date of publication, distribution, etc | 1996. |
| 300 ## - PHYSICAL DESCRIPTION | |
| Extent | 123 p. : |
| Other physical details | ill. ; |
| Dimensions | 28 cm. |
| 440 #0 - | |
| -- | CRC series in contemporary food science |
| -- | 20852 |
| 504 ## - BIBLIOGRAPHY, ETC. NOTE | |
| Bibliography, etc | Includes bibliographical references and index. |
| 650 #0 - SUBJECT ADDED ENTRY--TOPICAL TERM | |
| Topical term or geographic name as entry element | Food |
| General subdivision | Analysis |
| -- | Laboratory manuals. |
| 9 (RLIN) | 20853 |
| 650 #0 - SUBJECT ADDED ENTRY--TOPICAL TERM | |
| Topical term or geographic name as entry element | Food |
| General subdivision | Composition |
| -- | Laboratory manuals. |
| 9 (RLIN) | 20854 |
| 942 ## - ADDED ENTRY ELEMENTS (KOHA) | |
| Item type | Book - Borrowing |
| Call number prefix | 664 WEA |
| Source of classification or shelving scheme | Dewey Decimal Classification |
| Withdrawn status | Item status | Source of classification or shelving scheme | Damaged status | Not for loan | Vendor | Home library | Current library | Shelving location | Date acquired | Source of acquisition | Total Checkouts | Full call number | Barcode | Date last seen | Date last borrowed | Koha item type |
|---|---|---|---|---|---|---|---|---|---|---|---|---|---|---|---|---|
| Dewey Decimal Classification | Central Library | Central Library | First floor | 01/11/2010 | 1 | 664 WEA | 000000123 | 15/07/2025 | 29/10/2017 | Book - Borrowing |